000 00864cad a22001935a 4500
001 L151781
008 101210s2010 xxk 000 0 eng d
035 _a(Sirsi) u151781
041 0 _aeng
110 2 _aEC Harris
_94930
245 0 0 _aInternational Focus on France
_bafter the storm, France's expectations remain strong
_h[electronic resource]
260 _a[S.l.]
_bEC Harris
_c2010
520 _aGeneral economic view; construction costs; investment in France; development outlook; employment statistics; the green industry; opportunities looming for the real estate and construction industry in 2012-2013.
590 _aKA NTK
651 4 _aFrance
690 _aBUILT ENVIRONMENT-CONSTRUCTION MARKET
856 4 0 _uhttps://www.echarris.com/PDF/International_Focus_France_Nov_2010_Final.pdf
_zView the item free of charge at www.echarris.com
942 _n0
999 _c111616
_d111616